000 00744nam a2200229 a 4500
001 13172
003 BD-JhCC
005 20230716122543.0
008 230716s2016 bg |||| |||| 000 0 ben d
020 _a9789849125044
035 _a(BD-JhCC)13172
040 _aBD-JhCC
_dBD-JhCC
041 _aben
082 _a954.92
_bVAS 2016
245 _aভাষাসংগ্রামের স্মৃতি /
_cসম্পাদনায় এম আর মাহবুব
260 _aঢাকা :
_bনালন্দা,
_c২০১৬
300 _a৩৬৮ পৃ. :
_c২১ সে.মি.
650 _aliberation war
_zBangladesh
650 _aLanguage movement
700 _aমাহবুব, এম আর
942 _2ddc
_cBK
999 _c13172
_d13172